000 00502nam a22001697a 4500
999 _c8464
_d8464
008 201125b ||||| |||| 00| 0 eng d
040 _aBMS College of Architecture
100 _aR, Deepak
245 _aSammilana: the food haven
300 _aNA
500 _a1BM14AT071
502 _8B,Arch
_NBMS College of Architecture, Visvesvaraya Technological University (VTU)
_aProject report
_d2018
650 _aNA
700 _aShilpa shirish
_eGuide
700 _aSayee Deodhar
_eGuide
942 _2ddc
_cTHE